000 00247nam a2200109Ia 4500
008 190914s9999||||xx |||||||||||||| ||und||
100 _aQamar Yousuf Zai
245 0 _aAap Bpta
260 _aNew York
_bFikr-w-Fun
_c1981
300 _a216
942 _cBK
999 _c9475
_d9475